[Event "Open Ricany 2012"]
[Site "http://www.openricany.cz/"]
[Date "2012.08.31"]
[Round "7.32"]
[White "Hlina, Milos"]
[Black "Tvrdy, Jindrich"]
[Result "1/2-1/2"]
[WhiteElo "1857"]
[BlackElo "1908"]
[PlyCount "24"]
[EventDate "2012.??.??"]

1. d4 f5 2. b3 Nf6 3. Bb2 g6 4. e3 Bg7 5. Nf3 O-O 6. Bd3 Nc6 7. c4 Nb4 8. Nc3
Nxd3+ 9. Qxd3 d6 10. Rd1 e6 11. O-O Nh5 12. h4 h6 1/2-1/2

[Event "Open Ricany 2012"]
[Site "http://www.openricany.cz/"]
[Date "2012.08.31"]
[Round "7.33"]
[White "Rihova, Kamila"]
[Black "Boucek, Vlastimil"]
[Result "1/2-1/2"]
[WhiteElo "1672"]
[BlackElo "2008"]
[PlyCount "45"]
[EventDate "2012.??.??"]

1. e4 Nf6 2. e5 Nd5 3. d4 d6 4. Nf3 Bg4 5. Be2 e6 6. c4 Nb6 7. Nc3 Be7 8. Be3
O-O 9. O-O Nc6 10. exd6 cxd6 11. d5 exd5 12. Nxd5 Nxd5 13. Qxd5 Be6 14. Qd2 d5
15. Rac1 Bf6 16. Rfd1 dxc4 17. Bxc4 Bxc4 18. Rxc4 Bxb2 19. Qc2 Qf6 20. Bg5 Qe6
21. Rxc6 Qxc6 22. Qxb2 f6 23. Be3 1/2-1/2

[Event "Open Ricany 2012"]
[Site "http://www.openricany.cz/"]
[Date "2012.08.31"]
[Round "7.34"]
[White "Kyselka, Daniel"]
[Black "Koys, Milan"]
[Result "0-1"]
[WhiteElo "1830"]
[BlackElo "2104"]
[PlyCount "64"]
[EventDate "2012.??.??"]

1. Nf3 Nf6 2. d3 Nc6 3. g3 e5 4. Bg2 d5 5. O-O Bc5 6. Nxe5 Nxe5 7. d4 Bd6 8.
dxe5 Bxe5 9. c3 c6 10. Nd2 Bg4 11. Nf3 Bd6 12. h3 Bh5 13. Bg5 h6 14. Be3 O-O
15. Nd4 Qd7 16. Qc2 Bg6 17. Qc1 Rae8 18. Nb3 b6 19. c4 dxc4 20. Qxc4 c5 21. Qc1
Qe6 22. Bf4 Bxf4 23. Qxf4 Qxe2 24. Nd2 Nh5 25. Qc7 Qxd2 26. Rad1 Qxb2 27. Qxa7
c4 28. Rd6 Re6 29. Rd7 Bd3 30. Rd1 Re2 31. Bd5 Rxf2 32. Qc7 Qe2 0-1

[Event "Open Ricany 2012"]
[Site "http://www.openricany.cz/"]
[Date "2012.08.31"]
[Round "7.35"]
[White "Suchy, Ladislav"]
[Black "Hadrava, Jaroslav"]
[Result "0-1"]
[WhiteElo "1809"]
[BlackElo "1914"]
[PlyCount "134"]
[EventDate "2012.??.??"]

1. Nc3 Nf6 2. Nf3 d5 3. d4 Bf5 4. Bf4 e6 5. e3 Bb4 6. Bd3 Bxd3 7. cxd3 Bxc3+ 8.
bxc3 Nh5 9. Bg3 Nxg3 10. hxg3 Nd7 11. Rb1 Rb8 12. Nh4 c6 13. Qa4 a6 14. f4 Qc7
15. Kf2 h6 16. c4 O-O 17. g4 c5 18. g5 hxg5 19. fxg5 cxd4 20. exd4 dxc4 21.
dxc4 Nb6 22. Qd1 Qf4+ 23. Nf3 Nxc4 24. Rh4 Qe3+ 25. Kg3 Nd6 26. Rb3 Nf5+ 27.
Kh2 Qf2 28. Rh3 Ne3 29. Qg1 Ng4+ 30. Kh1 Rfc8 31. Rh4 Qxg1+ 32. Nxg1 f5 33.
gxf6 Nxf6 34. Nf3 Kf7 35. Rb6 Rh8 36. Rxh8 Rxh8+ 37. Kg1 Nd5 38. Rxb7+ Kf6 39.
Kf2 Rc8 40. Rb2 Rc4 41. g4 Ra4 42. Ke2 Nc3+ 43. Kd2 Nb5 44. Kd3 Ra3+ 45. Ke4 g5
46. Rb3 Rxa2 47. Ne5 Ra3 48. Nd7+ Ke7 49. Nc5 Rxb3 50. Nxb3 Kd6 51. Nd2 Ke7 52.
Nf3 Kf6 53. Kd3 Nd6 54. Kc3 Ne4+ 55. Kb4 Nf2 56. Ne5 Nxg4 57. Nxg4+ Kf5 58. Nf2
g4 59. Ka5 g3 60. Nh3 g2 61. Kxa6 Ke4 62. Kb6 Kxd4 63. Kb5 e5 64. Kb4 Kd3 65.
Kb3 Kd2 66. Ng1 e4 67. Kb2 e3 0-1

[Event "Open Ricany 2012"]
[Site "http://www.openricany.cz/"]
[Date "2012.08.31"]
[Round "7.36"]
[White "Vystrcil, Martin"]
[Black "Koller, Martin"]
[Result "1/2-1/2"]
[WhiteElo "1750"]
[BlackElo "1900"]
[PlyCount "59"]
[EventDate "2012.??.??"]

1. e4 e5 2. Nf3 Nc6 3. d4 exd4 4. Bc4 Nf6 5. O-O Nxe4 6. Re1 d5 7. Bxd5 Qxd5 8.
Nc3 Qh5 9. Nxe4 Be6 10. Bg5 Bd6 11. Nxd6+ cxd6 12. Bf4 O-O 13. Nxd4 Qxd1 14.
Raxd1 Nxd4 15. Rxd4 d5 16. c3 Rfc8 17. Be5 a5 18. Rd2 Rc4 19. Rd4 b5 20. Rxc4
bxc4 21. Re2 a4 22. a3 Kf8 23. f3 h5 24. Kf2 Ke7 25. Bd4 Rg8 26. f4 Kd6 27. g3
Bf5 28. Ke3 Bd3 29. Rf2 f6 30. Kd2 1/2-1/2

[Event "Open Ricany 2012"]
[Site "http://www.openricany.cz/"]
[Date "2012.08.31"]
[Round "7.37"]
[White "Havelka, Petr"]
[Black "Cermak, Jan"]
[Result "1/2-1/2"]
[WhiteElo "1889"]
[BlackElo "1731"]
[PlyCount "23"]
[EventDate "2012.??.??"]

1. d4 d5 2. c4 dxc4 3. Nc3 c5 4. Qa4+ Bd7 5. Qxc4 cxd4 6. Qxd4 Nc6 7. Qd1 e5 8.
e3 Nf6 9. Bb5 Bb4 10. Bd2 O-O 11. Nge2 Qe7 12. a3 1/2-1/2

[Event "Open Ricany 2012"]
[Site "http://www.openricany.cz/"]
[Date "2012.08.31"]
[Round "7.38"]
[White "Havelka, Jan"]
[Black "Halla, Jiri"]
[Result "1/2-1/2"]
[WhiteElo "1762"]
[BlackElo "1885"]
[PlyCount "47"]
[EventDate "2012.??.??"]

1. e4 e6 2. d4 d5 3. exd5 exd5 4. c4 Nf6 5. Nc3 Be7 6. Nf3 O-O 7. Be2 Re8 8.
O-O Bg4 9. Qb3 Nc6 10. cxd5 Bxf3 11. dxc6 Bxe2 12. Nxe2 bxc6 13. Be3 Nd5 14. a3
Bd6 15. Qd3 Qe7 16. Rae1 Nxe3 17. Ng3 Qg5 18. Rxe3 Rxe3 19. Qxe3 Qd5 20. b4 a5
21. Rb1 axb4 22. axb4 f6 23. Ne4 Qb5 24. Qb3+ 1/2-1/2

[Event "Open Ricany 2012"]
[Site "http://www.openricany.cz/"]
[Date "2012.08.31"]
[Round "7.40"]
[White "Vitek, Jan"]
[Black "Eisner, Oldrich"]
[Result "1/2-1/2"]
[WhiteElo "1881"]
[BlackElo "1833"]
[PlyCount "27"]
[EventDate "2012.??.??"]

1. d4 Nf6 2. c4 g6 3. Nc3 Bg7 4. e4 d6 5. Nf3 O-O 6. Be2 e5 7. dxe5 dxe5 8.
Qxd8 Rxd8 9. O-O Bg4 10. h3 Bxf3 11. Bxf3 Nc6 12. Nd5 Nxd5 13. cxd5 Nd4 14. Bd1
1/2-1/2

[Event "Open Ricany 2012"]
[Site "http://www.openricany.cz/"]
[Date "2012.08.31"]
[Round "7.41"]
[White "Sedivy, Ondrej"]
[Black "Berg, Antonin"]
[Result "1/2-1/2"]
[WhiteElo "1784"]
[BlackElo "1808"]
[PlyCount "66"]
[EventDate "2012.??.??"]

1. c4 c5 2. Nc3 Nf6 3. g3 d5 4. cxd5 Nxd5 5. Bg2 Nxc3 6. bxc3 e5 7. Nh3 Be7 8.
O-O O-O 9. d3 Nc6 10. f4 c4 11. fxe5 cxd3 12. exd3 Nxe5 13. d4 Nc4 14. Qe2 Nb6
15. Qh5 Bxh3 16. Bxh3 Nd5 17. Bd2 Nf6 18. Qf3 b5 19. Rae1 Nd5 20. Bg2 Nb6 21.
Qe2 Nc4 22. Bc1 Bd6 23. Bxa8 Qxa8 24. Bf4 Ba3 25. Bc1 Bd6 26. Qe4 Qc8 27. Qf5
Qb7 28. Re2 Qb6 29. Qe4 g6 30. Ref2 f6 31. Qe6+ Kh8 32. Bg5 Qd8 33. Bc1 Re8
1/2-1/2

[Event "Open Ricany 2012"]
[Site "http://www.openricany.cz/"]
[Date "2012.08.31"]
[Round "7.42"]
[White "Maly, Dusan"]
[Black "Nigrin, Jiri"]
[Result "0-1"]
[WhiteElo "1772"]
[BlackElo "1684"]
[PlyCount "98"]
[EventDate "2012.??.??"]

1. e4 c5 2. b3 d6 3. Bb2 Nc6 4. Bb5 Bd7 5. Bxc6 Bxc6 6. Qe2 e6 7. Nf3 Nf6 8.
Nc3 Be7 9. e5 dxe5 10. Nxe5 Qc7 11. O-O-O O-O 12. f4 Rfe8 13. Nxc6 Qxc6 14. g4
Nd5 15. Qf1 Bf6 16. h4 Bxc3 17. Bxc3 Nxc3 18. dxc3 Rad8 19. Qe2 Qc7 20. Qf3 b5
21. g5 Rxd1+ 22. Rxd1 g6 23. Qe4 Qe7 24. Qc6 Rd8 25. Rxd8+ Qxd8 26. Qxc5 Qb8
27. Qe3 Qb7 28. Qf2 a6 29. Kb2 Qc6 30. Qg3 Qd6 31. Qg4 Qd5 32. h5 gxh5 33. Qxh5
Qe4 34. Qg4 Kg7 35. Qh4 Kg8 36. Qf2 Qf5 37. Qd4 Qg6 38. c4 bxc4 39. bxc4 h5 40.
gxh6 Qxh6 41. c5 Qh1 42. Qd6 Qe4 43. c6 Qc4 44. c7 Qb5+ 45. Kc3 Qa5+ 46. Kd4
Qd2+ 47. Kc5 Qxc2+ 48. Kb6 Qb2+ 49. Kc6 Qb5# 0-1

[Event "Open Ricany 2012"]
[Site "www.openricany.cz"]
[Date "2012.09.01"]
[Round "8.1"]
[White "Balacek, Tadeas"]
[Black "Kulhanek, Tomas"]
[Result "1/2-1/2"]
[WhiteElo "2178"]
[BlackElo "2399"]
[PlyCount "80"]
[EventDate "2012.??.??"]

1. d4 Nf6 2. c4 e6 3. g3 Bb4+ 4. Bd2 Qe7 5. Nf3 Nc6 6. Nc3 Bxc3 7. Bxc3 Ne4 8.
Rc1 d6 9. d5 Nxc3 10. Rxc3 Nb8 11. dxe6 fxe6 12. Nd4 O-O 13. Bg2 e5 14. Nc2 Nd7
15. O-O Nf6 16. Ne3 c6 17. Rd3 Ne8 18. b4 Be6 19. b5 cxb5 20. Nd5 Bxd5 21.
Bxd5+ Kh8 22. cxb5 Qc7 23. Qb3 Rc8 24. Be6 Rd8 25. b6 axb6 26. Rb1 Nf6 27. Qxb6
Qc2 28. Qb2 Qxb2 29. Rxb2 Ne4 30. Bd5 Nxf2 31. Rf3 Ng4 32. Bxb7 Rxf3 33. exf3
Ne3 34. a4 d5 35. a5 Nc4 36. Ra2 d4 37. a6 d3 38. a7 d2 39. Rxd2 Nxd2 40. a8=Q
Rxa8 1/2-1/2

[Event "Open Ricany 2012"]
[Site "www.openricany.cz"]
[Date "2012.09.01"]
[Round "8.2"]
[White "Vojta, Tomas"]
[Black "Sodoma, Jan"]
[Result "1-0"]
[WhiteElo "2345"]
[BlackElo "2386"]
[PlyCount "132"]
[EventDate "2012.??.??"]

1. Nf3 Nf6 2. d4 e6 3. c3 b6 4. Bf4 Be7 5. Nbd2 Nh5 6. Bg3 f5 7. e3 O-O 8. Bc4
d5 9. Bd3 Nxg3 10. hxg3 Bf6 11. Qe2 g6 12. Ne5 Bxe5 13. dxe5 Nd7 14. f4 a5
15. g4 Nc5 16. Nf3 Rf7 17. Ng5 Rg7 18. O-O-O Qe7 19. Rh6 Nd7 20. gxf5 exf5
21. Bb5 Nxe5 22. Rdh1 Nf7 23. Rxh7 Nxg5 24. Rh8+ Kf7 25. Be8+ Ke6 26. Bc6 Ba6
27. Qd2 Rxh8 28. Bxd5+ Kd7 29. Rxh8 Ne6 30. Bb7+ Qd6 31. Bxa6 Qxd2+ 32. Kxd2 g5
33. fxg5 Rxg5 34. Bc8+ Ke7 35. Rh7+ Ng7 36. Bb7 Kd6 37. Bf3 Ke5 38. Rh8 Rg6
39. Rd8 Ne6 40. Rd5 Kf6 41. Rd7 Ke5 42. b4 axb4 43. cxb4 Ng5 44. Rxc7 Nxf3+
45. gxf3 Rg2+ 46. Kd3 Rxa2 47. f4+ Kd5 48. Rd7+ Kc6 49. Rf7 Rb2 50. Rxf5 Rxb4
51. e4 Kd7 52. Rf7+ Ke6 53. Rh7 Rb3+ 54. Kc4 Rb1 55. Rh6+ Ke7 56. f5 b5+ 57. Kd5
b4 58. Ke5 b3 59. Rh7+ Kd8 60. Rb7 b2 61. f6 Kc8 62. Rb3 Kd7 63. Rd3+ Ke8
64. Rd2 Kf7 65. Rd7+ Kg6 66. Rg7+ Kh6 67. Rg2 Kh7 68. f7 Rf1 69. Rxb2 Rxf7
70. Rg2 Rf1 71. Ke6 Re1 72. e5 Rf1 73. Ke7 Re1 74. e6 Rf1 75. Ke8 Re1 76. e7 Re3
77. Rg4 Re2 78. Kf7 Rf2+ 79. Ke6 Re2+ 80. Kf6 Re1 81. Rg5 1-0

[Event "Open Ricany 2012"]
[Site "www.openricany.cz"]
[Date "2012.09.01"]
[Round "8.3"]
[White "Juptner, Jan"]
[Black "Zvara, David"]
[Result "1-0"]
[WhiteElo "2378"]
[BlackElo "2059"]
[PlyCount "73"]
[EventDate "2012.??.??"]

1. d4 d5 2. c4 e6 3. Nc3 Nf6 4. cxd5 exd5 5. Bg5 c6 6. e3 Be7 7. Bd3 h6 8. Bh4
O-O 9. Qc2 Nbd7 10. Nge2 b6 11. O-O Bb7 12. Rfd1 Bd6 13. Bg3 Bxg3 14. Nxg3 Qe7
15. Nf5 Qe6 16. b4 Ne8 17. Ne2 Ndf6 18. Rac1 Nd6 19. Nf4 Qd7 20. Nxd6 Qxd6 21.
b5 Rfc8 22. Bf5 Rc7 23. bxc6 Rxc6 24. Qb1 Bc8 25. Bd3 Rxc1 26. Rxc1 Bb7 27. Bf5
Ba6 28. Bd3 Bb7 29. Qc2 g5 30. Ne2 Rc8 31. Qb2 Rxc1+ 32. Qxc1 a6 33. Ng3 h5 34.
Nf5 Qb4 35. e4 Nh7 36. e5 b5 37. Qc7 1-0

[Event "Open Ricany 2012"]
[Site "www.openricany.cz"]
[Date "2012.09.01"]
[Round "8.4"]
[White "Rehorek, Martin"]
[Black "Cerny, Martin"]
[Result "1-0"]
[WhiteElo "2316"]
[BlackElo "2168"]
[PlyCount "55"]
[EventDate "2012.??.??"]

1. Nf3 d5 2. c4 c6 3. b3 Bg4 4. Bb2 e6 5. e3 Nf6 6. Be2 Nbd7 7. O-O Be7 8. h3
Bxf3 9. Bxf3 O-O 10. Nc3 dxc4 11. bxc4 Ne5 12. Be2 Nd3 13. Rb1 Nxb2 14. Rxb2
Qc7 15. Qb3 Rab8 16. Qc2 Rfd8 17. Bf3 b6 18. Qa4 Rbc8 19. Rd1 e5 20. d4 exd4
21. exd4 Bd6 22. Re2 Qd7 23. c5 Bb8 24. Qb3 Qf5 25. Ne4 Nxe4 26. Bxe4 Qh5 27.
Bf3 Qf5 28. Bg4 1-0

[Event "Open Ricany 2012"]
[Site "www.openricany.cz"]
[Date "2012.09.01"]
[Round "8.5"]
[White "Vorobyov, Yrij"]
[Black "Postupa, Martin"]
[Result "1/2-1/2"]
[WhiteElo "2254"]
[BlackElo "2002"]
[PlyCount "130"]
[EventDate "2012.??.??"]

1. Nf3 Nf6 2. c4 e6 3. g3 b6 4. Bg2 Bb7 5. O-O Be7 6. b3 O-O 7. Bb2 d5 8. cxd5
exd5 9. d4 Nbd7 10. Ne5 c5 11. e3 Rc8 12. Nd2 Rc7 13. Rc1 Qb8 14. Re1 Rd8 15.
Ndf3 Ne4 16. Nxd7 Rcxd7 17. Ne5 Rc7 18. dxc5 bxc5 19. Qg4 Nf6 20. Qe2 Qc8 21.
Red1 Ba6 22. Qc2 Qe6 23. Nd3 Bb7 24. Nf4 Qb6 25. Bxf6 Bxf6 26. Bxd5 g5 27. Bxb7
gxf4 28. Be4 fxe3 29. Bxh7+ Kh8 30. fxe3 Rxd1+ 31. Rxd1 c4 32. Bf5 Qxe3+ 33.
Qf2 Qxf2+ 34. Kxf2 cxb3 35. axb3 Rc3 36. Be4 Rc7 37. Rd6 Kg7 38. Ra6 Bd4+ 39.
Ke2 Bb6 40. Ra2 Rc3 41. Bd5 Re3+ 42. Kf1 Re5 43. Bc4 a5 44. Kg2 Bd4 45. Rd2 Bc3
46. Rd7 Rf5 47. Bd5 Be1 48. Bf3 Bb4 49. h4 Re5 50. g4 Re7 51. Rd8 Bc3 52. g5 f6
53. Bd5 fxg5 54. hxg5 Re5 55. Rg8+ Kh7 56. g6+ Kh6 57. Bf7 Rf5 58. Rc8 Bb4 59.
Ra8 Bc3 60. Ra7 Bg7 61. Kh3 Kg5 62. Be6 Re5 63. Rxg7 Rxe6 64. Ra7 Re3+ 65. Kg2
Kxg6 1/2-1/2

[Event "Open Ricany 2012"]
[Site "www.openricany.cz"]
[Date "2012.09.01"]
[Round "8.6"]
[White "Mrna, Vladimir"]
[Black "Vesecky, Martin"]
[Result "0-1"]
[WhiteElo "2044"]
[BlackElo "2114"]
[PlyCount "56"]
[EventDate "2012.??.??"]

1. c4 Nf6 2. Nf3 g6 3. d4 Bg7 4. g3 O-O 5. Bg2 c5 6. O-O d6 7. Nc3 Nbd7 8. b3
cxd4 9. Nxd4 a5 10. h3 Nc5 11. e4 Qb6 12. Be3 a4 13. Rb1 axb3 14. axb3 Qb4 15.
Ndb5 Ncd7 16. Nc7 Qxc3 17. Nxa8 Nc5 18. Nc7 Ncxe4 19. Bxe4 Nxe4 20. Nd5 Qe5 21.
f4 Qe6 22. Qf3 b5 23. g4 Bb7 24. f5 Qe5 25. Bf4 Qd4+ 26. Be3 Qe5 27. Bf4 Qd4+
28. Be3 Qe5 0-1

[Event "Open Ricany 2012"]
[Site "www.openricany.cz"]
[Date "2012.09.01"]
[Round "8.7"]
[White "Vesselovsky, Serguei"]
[Black "Skacel, Jan"]
[Result "1-0"]
[WhiteElo "2360"]
[BlackElo "2105"]
[PlyCount "27"]
[EventDate "2012.??.??"]

1. e4 c5 2. g3 d5 3. exd5 Qxd5 4. Nf3 Bg4 5. Bg2 Nc6 6. h3 Bh5 7. O-O Nf6 8. d3
O-O-O 9. Nbd2 Qd7 10. Nc4 e5 11. g4 Nxg4 12. hxg4 Qxg4 13. Ncxe5 Nxe5 14. Nxe5
{dale necitelne (29 tahu)} 1-0

[Event "Open Ricany 2012"]
[Site "www.openricany.cz"]
[Date "2012.09.01"]
[Round "8.8"]
[White "Chudinovskikh, Alexander"]
[Black "Pospisil, Evzen"]
[Result "1-0"]
[WhiteElo "2248"]
[BlackElo "2083"]
[PlyCount "83"]
[EventDate "2012.??.??"]

1. d4 Nf6 2. Bg5 Ne4 3. Bf4 d5 4. e3 e6 5. Bd3 Nf6 6. Nf3 Be7 7. O-O Nbd7 8. h3
O-O 9. c4 c6 10. Nc3 a6 11. c5 b5 12. cxb6 c5 13. Bc7 Qe8 14. Ne5 Nxe5 15. dxe5
Nd7 16. f4 c4 17. Bc2 Bc5 18. Rf3 Nxb6 19. f5 Qc6 20. Bxb6 Qxb6 21. Qd2 d4 22.
Na4 dxe3 23. Qe2 Qb5 24. f6 g6 25. Nxc5 Qxc5 26. Rxe3 Bb7 27. Kh2 Rfd8 28. Re1
Rd4 29. Rc3 Rad8 30. Qf2 Qd5 31. Re2 Qa5 32. Qe3 Qb4 33. b3 cxb3 34. Rxb3 Qf8
35. Rxb7 Rh4 36. Re7 Rc8 37. Bb3 Qd8 38. Rxe6 fxe6 39. Bxe6+ Kh8 40. Rd2 Qc7
41. Bxc8 Qxc8 42. e6 1-0

[Event "Open Ricany 2012"]
[Site "www.openricany.cz"]
[Date "2012.09.01"]
[Round "8.9"]
[White "Kovar, Josef"]
[Black "Sindler, Michal"]
[Result "0-1"]
[WhiteElo "2052"]
[BlackElo "2144"]
[PlyCount "90"]
[EventDate "2012.??.??"]

1. Nf3 Nf6 2. c4 g6 3. g3 Bg7 4. Nc3 O-O 5. Bg2 d6 6. O-O e5 7. d3 Nc6 8. Bg5
h6 9. Bxf6 Bxf6 10. Rb1 a5 11. a3 Ne7 12. b4 axb4 13. axb4 c6 14. Ne4 Nf5 15.
Nxf6+ Qxf6 16. Nd2 Rd8 17. e3 Be6 18. Ra1 Qe7 19. Qb3 Rxa1 20. Rxa1 d5 21. Ra7
dxc4 22. Nxc4 Nd6 23. Bxc6 Qc7 24. Bf3 e4 25. dxe4 Nxc4 26. Qc3 Qb6 27. Ra1 Qc7
28. Ra7 Qb8 29. Ra1 Qe5 30. Qxe5 Nxe5 31. Be2 Rd2 32. Kf1 Rb2 33. Ra5 Nc4 34.
Rb5 Bh3+ 35. Ke1 Rb1+ 36. Bd1 Bg4 37. Rd5 Nb2 38. Kd2 Rxd1+ 39. Kc3 Na4+ 40.
Kc2 Rxd5 41. exd5 Nb6 42. e4 Kf8 43. Kd3 Nxd5 44. exd5 Ke7 45. Ke4 Kd6 0-1

[Event "Open Ricany 2012"]
[Site "www.openricany.cz"]
[Date "2012.09.01"]
[Round "8.10"]
[White "Postupa, Pavel"]
[Black "Voracek, Zdenek"]
[Result "1-0"]
[WhiteElo "2144"]
[BlackElo "2045"]
[PlyCount "71"]
[EventDate "2012.??.??"]

1. e4 Nf6 2. Nc3 d5 3. e5 d4 4. Nce2 Ng4 5. f4 h5 6. Nf3 c5 7. h3 Nh6 8. Ng3
Nf5 9. Nxf5 Bxf5 10. d3 Nc6 11. Be2 Be6 12. Ng5 g6 13. Nxe6 fxe6 14. O-O Qd7
15. h4 O-O-O 16. Bf3 Bg7 17. Bxc6 Qxc6 18. Qf3 Qd5 19. Bd2 Rdf8 20. Qe4 Rf5 21.
g3 Rff8 22. Qg2 Rh7 23. Rfd1 g5 24. hxg5 h4 25. Qxd5 exd5 26. g4 h3 27. Kh2 Rh4
28. Rg1 e6 29. Rae1 Kd7 30. Re2 Kc6 31. Kg3 h2 32. Rh1 Rfh8 33. Rexh2 Rxh2 34.
Rxh2 Rxh2 35. Kxh2 c4 36. Kh3 1-0

[Event "Open Ricany 2012"]
[Site "www.openricany.cz"]
[Date "2012.09.01"]
[Round "8.11"]
[White "Hadzala, Daniel"]
[Black "Schmalz, Michal"]
[Result "1/2-1/2"]
[WhiteElo "2127"]
[BlackElo "2040"]
[PlyCount "32"]
[EventDate "2012.??.??"]

1. b4 e5 2. Bb2 Bxb4 3. Bxe5 Nf6 4. Nf3 O-O 5. e3 Re8 6. Bb2 d5 7. c4 c5 8.
cxd5 Nxd5 9. Be2 Nc6 10. O-O Qe7 11. Qc2 Bg4 12. Nc3 Nxc3 13. Bxc3 Bxc3 14.
Qxc3 Ne5 15. Nxe5 Bxe2 16. Rfe1 Ba6 1/2-1/2

[Event "Open Ricany 2012"]
[Site "www.openricany.cz"]
[Date "2012.09.01"]
[Round "8.12"]
[White "Marikova, Jana"]
[Black "Moravec, Vít"]
[Result "1-0"]
[WhiteElo "1887"]
[BlackElo "2115"]
[PlyCount "43"]
[EventDate "2012.??.??"]

1. d4 Nf6 2. c4 e6 3. Nf3 b6 4. a3 Bb7 5. Nc3 d5 6. Bg5 Be7 7. e3 O-O 8. Be2
Nbd7 9. O-O c5 10. Rc1 Ne4 11. Bf4 cxd4 12. exd4 Nxc3 13. Rxc3 dxc4 14. Rxc4
Bd5 15. Rc1 Rc8 16. Qa4 Nf6 17. Rxc8 Qxc8 18. Rc1 Qd8 19. Qxa7 Bxf3 20. Bxf3
Qxd4 21. Be3 Qxb2 22. Qxe7 1-0

[Event "Open Ricany 2012"]
[Site "www.openricany.cz"]
[Date "2012.09.01"]
[Round "8.13"]
[White "Pycha, Patrik"]
[Black "Kozak, Milos"]
[Result "1/2-1/2"]
[WhiteElo "1925"]
[BlackElo "2195"]
[PlyCount "39"]
[EventDate "2012.??.??"]

1. e4 c6 2. d4 d5 3. exd5 cxd5 4. Bd3 Nc6 5. c3 Qc7 6. Ne2 Bg4 7. f3 Bd7 8. Bf4
e5 9. Bg3 Bd6 10. O-O Nge7 11. Nd2 h5 12. h3 exd4 13. Bxd6 Qxd6 14. Nxd4 Nxd4
15. cxd4 Qf4 16. Nb3 Rh6 17. Re1 Kf8 18. Qc1 Qg3 19. Qe3 Re8 20. Qf2 1/2-1/2

[Event "Open Ricany 2012"]
[Site "www.openricany.cz"]
[Date "2012.09.01"]
[Round "8.14"]
[White "Janacek, Jaroslav"]
[Black "Sedy, Pavel"]
[Result "1/2-1/2"]
[WhiteElo "2020"]
[BlackElo "2155"]
[PlyCount "54"]
[EventDate "2012.??.??"]

1. Nf3 b6 2. c4 Bb7 3. e3 e6 4. Nc3 Nf6 5. b3 Be7 6. Bb2 O-O 7. Qc2 d5 8. cxd5
exd5 9. d4 Nbd7 10. Bd3 Re8 11. O-O-O c5 12. Kb1 Bd6 13. Nb5 Bb8 14. dxc5 Nxc5
15. Bxf6 Qxf6 16. Bxh7+ Kh8 17. h4 Ne4 18. Bxe4 dxe4 19. Ng5 Rc8 20. Qb2 Qe7
21. Qa3 Qf6 22. Rd7 Qxf2 23. Rc1 Bh2 24. Nxf7+ Kg8 25. Rxb7 Qxe3 26. Nxa7 Qd3+
27. Ka1 Qd4+ 1/2-1/2

[Event "Open Ricany 2012"]
[Site "www.openricany.cz"]
[Date "2012.09.01"]
[Round "8.15"]
[White "Skala, Jaromir"]
[Black "Miloslav, Vanka"]
[Result "0-1"]
[WhiteElo "2038"]
[BlackElo "2129"]
[PlyCount "88"]
[EventDate "2012.??.??"]

1. d4 Nf6 2. c4 e6 3. Nf3 Bb4+ 4. Bd2 Qe7 5. a3 Bxd2+ 6. Nbxd2 d6 7. e3 e5 8.
d5 a5 9. b4 Bg4 10. Be2 O-O 11. O-O Nbd7 12. h3 Bxf3 13. Nxf3 b6 14. Qb3 g6 15.
Rfc1 Ne4 16. Qc2 Ng5 17. e4 Nxf3+ 18. Bxf3 f5 19. Rab1 axb4 20. axb4 Qh4 21.
Ra1 Qf4 22. Re1 Nf6 23. Rxa8 Rxa8 24. exf5 gxf5 25. c5 bxc5 26. bxc5 e4 27. Bd1
Qe5 28. cxd6 cxd6 29. Qc6 Ra1 30. Rf1 Kg7 31. Bb3 Rxf1+ 32. Kxf1 Qh2 33. Ke2
Qxg2 34. Bc4 Qf3+ 35. Ke1 Qxh3 36. Be2 Qa3 37. Kf1 f4 38. Qb7+ Kg6 39. Qb1 Qh3+
40. Kg1 f3 41. Bf1 Qg4+ 42. Kh1 Qf5 43. Kh2 Qf4+ 44. Kh3 Kg5 0-1

[Event "Open Ricany 2012"]
[Site "www.openricany.cz"]
[Date "2012.09.01"]
[Round "8.16"]
[White "Volek, Radomir"]
[Black "Danilov, Viacheslav"]
[Result "0-1"]
[WhiteElo "2057"]
[BlackElo "1900"]
[PlyCount "80"]
[EventDate "2012.??.??"]

1. e4 e5 2. Nf3 Nc6 3. d4 exd4 4. Nxd4 Bc5 5. Nb3 Bb6 6. Nc3 d6 7. Qe2 Nge7 8.
Bg5 f6 9. Be3 Bxe3 10. Qxe3 Be6 11. Be2 Qd7 12. O-O-O Bxb3 13. axb3 O-O 14. g4
Rad8 15. Qg3 Nc8 16. f4 Nb6 17. h4 Qe7 18. h5 Nb4 19. Rhe1 a5 20. Nb5 Ra8 21.
Kb1 a4 22. Qc3 Na6 23. Bf3 axb3 24. Qxb3+ Kh8 25. Nxd6 Nc5 26. Qb5 cxd6 27.
Qxb6 Ra6 28. Qb5 Rfa8 29. c3 Qc7 30. e5 dxe5 31. Kc2 e4 32. Bxe4 Rb6 33. Ra1
Rd8 34. Qf1 Rxb2+ 35. Kxb2 Qb6+ 36. Kc2 Qb3+ 37. Kc1 Qxc3+ 38. Kb1 Qb4+ 39. Kc2
Nxe4 40. Rxe4 Rd2+ 0-1

[Event "Open Ricany 2012"]
[Site "www.openricany.cz"]
[Date "2012.09.01"]
[Round "8.18"]
[White "Kylar, Miroslav"]
[Black "Geoh, Jiri"]
[Result "1/2-1/2"]
[WhiteElo "1907"]
[BlackElo "2049"]
[PlyCount "105"]
[EventDate "2012.??.??"]

1. d4 d5 2. c4 e6 3. Nc3 Nf6 4. cxd5 exd5 5. Bg5 Be7 6. e3 O-O 7. Bd3 h6 8. Bf4
Be6 9. h3 Bd6 10. Nge2 a6 11. O-O Nc6 12. a3 Qd7 13. Bxd6 Qxd6 14. Nf4 Nxd4 15.
Nfxd5 Nxd5 16. exd4 Qf4 17. Re1 Rad8 18. g3 Nxc3 19. bxc3 Qd6 20. Kg2 c5 21.
Be4 b5 22. dxc5 Qxc5 23. Qf3 Rc8 24. Re3 Rc7 25. a4 f5 26. Ba8 Bc4 27. axb5
axb5 28. Rd1 Kh8 29. Bd5 Rd7 30. Bxc4 Rxd1 31. Qxd1 bxc4 32. Qe2 Kh7 33. Re5
Qc6+ 34. Qf3 Qxf3+ 35. Kxf3 Rd8 36. Rxf5 Rd3+ 37. Ke2 Rxc3 38. Kd2 Rd3+ 39. Kc2
g5 40. Rc5 Rf3 41. Rxc4 Rxf2+ 42. Kd1 Rf3 43. g4 Rxh3 44. Ke2 Kg7 45. Kf2 Kf6
46. Kg2 Re3 47. Rc6+ Re6 48. Rc5 Ke7 49. Ra5 Rd6 50. Kf3 Ke6 51. Kg3 Rd5 52.
Ra6+ Ke5 53. Rxh6 {dale necitelne (84tahu)} 1/2-1/2

[Event "Open Ricany 2012"]
[Site "www.openricany.cz"]
[Date "2012.09.01"]
[Round "8.19"]
[White "Haba, Zdenek"]
[Black "Vlcek, Marek"]
[Result "1/2-1/2"]
[WhiteElo "2236"]
[BlackElo "1952"]
[PlyCount "55"]
[EventDate "2012.??.??"]

1. d4 Nf6 2. c4 e6 3. g3 d5 4. Bg2 Be7 5. Nf3 Nbd7 6. O-O O-O 7. Nc3 c6 8. b3
dxc4 9. bxc4 Qa5 10. Bd2 Qc7 11. Bf4 Bd6 12. Bxd6 Qxd6 13. e4 Qc7 14. e5 Ne8
15. Re1 Nb6 16. Qd3 Qe7 17. Rab1 f5 18. exf6 Nxf6 19. Bh3 Nh5 20. Ne5 g6 21. a4
Nd7 22. Nxd7 Bxd7 23. Rxb7 Qf6 24. Qe3 Bc8 25. Bxe6+ Kh8 26. Bxc8 Raxc8 27. Ne4
Qd8 28. Qh6 1/2-1/2

[Event "Open Ricany 2012"]
[Site "www.openricany.cz"]
[Date "2012.09.01"]
[Round "8.21"]
[White "Konvalinka, Vladislav"]
[Black "Hrdina, Robin"]
[Result "1/2-1/2"]
[WhiteElo "1908"]
[BlackElo "2024"]
[PlyCount "90"]
[EventDate "2012.??.??"]

1. d4 Nf6 2. c4 e6 3. Nc3 Bb4 4. Qc2 Bxc3+ 5. Qxc3 Ne4 6. Qc2 f5 7. Nf3 b6 8.
g3 Bb7 9. Bg2 Qf6 10. e3 Nc6 11. Bd2 O-O 12. O-O d6 13. Bc3 Nd8 14. Rad1 Nf7
15. b3 g5 16. Bb2 g4 17. d5 e5 18. Nh4 Bc8 19. f3 gxf3 20. Nxf3 Qh6 21. Bc1 Bd7
22. Rde1 Kh8 23. Nd2 Nxd2 24. Qxd2 Ng5 25. e4 Nh3+ 26. Kh1 Qxd2 27. Bxd2 fxe4
28. Bh6 Nf2+ 29. Kg1 Rf6 30. Rxf2 Rxh6 31. Bxe4 Kg8 32. Ref1 Bh3 33. Bg2 Bxg2
34. Kxg2 Rg6 35. h3 Re8 36. g4 Re7 37. Kg3 h5 38. Rf6 Rxf6 39. Rxf6 hxg4 40.
hxg4 Kg7 41. g5 e4 42. Re6 Rxe6 43. dxe6 c6 44. b4 d5 45. cxd5 cxd5 1/2-1/2

[Event "Open Ricany 2012"]
[Site "www.openricany.cz"]
[Date "2012.09.01"]
[Round "8.24"]
[White "Filip, Vojtech"]
[Black "Alfimov, Igor"]
[Result "1/2-1/2"]
[WhiteElo "1832"]
[BlackElo "1969"]
[PlyCount "37"]
[EventDate "2012.??.??"]

1. d4 Nf6 2. Nf3 g6 3. c4 d5 4. Nc3 Bg7 5. e3 O-O 6. Be2 c5 7. O-O cxd4 8. exd4
Nc6 9. Be3 dxc4 10. Bxc4 Bg4 11. Be2 Qd7 12. Qd2 Rfd8 13. Rfd1 Nd5 14. h3 Bf5
15. Rac1 Rac8 16. Nxd5 Qxd5 17. Bc4 Qd7 18. d5 Ne5 19. Nxe5 1/2-1/2